000 00633cam a2200145 4500500
005 20251228053358.0
041 _afre
042 _adc
100 1 0 _aBrumont, Francis
_eauthor
245 0 0 _aJean Élie, Jacques Gauvain et son monde. Le Poitou rural du xviiie siècle, La Crèche, Geste Éditions, coll. « Archives de vies », 2004, 288 p., 30 €, isbn 2845611668
260 _c2005.
500 _a11
786 0 _nHistoire & Sociétés Rurales | 24 | 2 | 2005-10-01 | p. 171za-276za | 1254-728X
856 4 1 _uhttps://shs.cairn.info/revue-histoire-et-societes-rurales-2005-2-page-171za?lang=fr&redirect-ssocas=7080
999 _c1585296
_d1585296